Southville International School and Colleges
Your cart is empty.
  • Cart
  • Lists
    Public lists Eva Luna New books Lux_list list_1
    Your lists Log in to create your own lists
  • Log in to your account
  • Your cookies
  • Search history
Southville International School and Colleges
  • Advanced search
  • Recent comments
  • Most popular
  • Libraries

Log in to your account

Log in with GOOGLE


If you do not have an external account, but do have a local account, you can still log in:

  1. Home
  2. MARC view: Online social networking /
Normal view MARC view ISBD view

Online social networking / (Record no. 288239)

[ view plain ]
MARC details
000 -LEADER
fixed length control field 00553nam a2200157Ia 4500
008 - FIXED-LENGTH DATA ELEMENTS--GENERAL INFORMATION
fixed length control field 150610s9999 xx 000 0 und d
020 ## - INTERNATIONAL STANDARD BOOK NUMBER
International Standard Book Number 9781420501209 (hardcover)
050 ## - LIBRARY OF CONGRESS CALL NUMBER
Classification number HM742
Item number .M66 2009
100 ## - MAIN ENTRY--PERSONAL NAME
Personal name Mooney, Carla, 1970-
245 ## - TITLE STATEMENT
Title Online social networking /
Statement of responsibility, etc by Carla Mooney.
260 ## - PUBLICATION, DISTRIBUTION, ETC. (IMPRINT)
Place of publication, distribution, etc Detroit :
Name of publisher, distributor, etc Lucent Books,
Date of publication, distribution, etc 2009.
300 ## - PHYSICAL DESCRIPTION
Extent 120pages :
Other physical details col. illustrations ;
Dimensions 24 cm.
504 ## - BIBLIOGRAPHY, ETC. NOTE
Bibliography, etc Includes bibliographical references and index.
520 ## - SUMMARY, ETC.
Summary, etc Juvenile literature.
650 ## - SUBJECT ADDED ENTRY--TOPICAL TERM
Topical term or geographic name as entry element Internet and teenagers
General subdivision Juvenile literature.
Holdings
Withdrawn status Lost status Damaged status Home library Current library Shelving location Date acquired Total Checkouts Full call number Barcode Date last seen Price effective from Koha item type
      Stonyhurst Southville International School (Batangas) Stonyhurst Southville International School (Batangas) High School Section 06/10/2015   HM742.M66 2009 US-1444 06/10/2015 06/10/2015 Books

Online social networking /

APA

Mooney C. 1., . (2009). Online social networking. Detroit: Lucent Books.

Chicago

Mooney Carla 1970, . 2009. Online social networking. Detroit: Lucent Books.

Harvard

Mooney C. 1., . (2009). Online social networking. Detroit: Lucent Books.

MLA

Mooney Carla 1970, . Online social networking. Detroit: Lucent Books. 2009.

  • Place hold
  • Print
  • Cite
  • Add to your cart (remove)
  • Save record
    BIBTEX Dublin Core MARCXML MARC (non-Unicode/MARC-8) MARC (Unicode/UTF-8) MARC (Unicode/UTF-8, Standard) MODS (XML) RIS
  • More searches
    Search for this title in:
    Other Libraries (WorldCat) Other Databases (Google Scholar) Online Stores (Bookfinder.com) Open Library (openlibrary.org)

Exporting to Dublin Core...

SOUTHVILLE LIBRARY

Southville International School and Colleges Library

1281 Tropical Ave. Cor. Luxembourg St., BF Homes International, Las Pinas City

Tel. No. 8256374 / 252358 Loc. 117/146

Powered by Koha